Business intelligence and e-marketing workshop, IBM Warwick 2001

Bibliographic Details
Corporate Author: ProQuest (Firm)
Other Authors: Abbott, Julie., Stone, Merlin.
Format: Electronic eBook
Language:English
Published: Bradford, England : Emerald Group Publishing, c2002.
Series:Qualitative marketing research: an international journal ; v.5, no. 4
Subjects:
Online Access:Click to View
LEADER 01291nam a2200337Ia 4500
001 EBC232240
003 MiAaPQ
005 20200520144314.0
006 m o d |
007 cr cn|||||||||
008 000815s2002 enk s 000 0 eng d
020 |z 0861767381 
035 |a (MiAaPQ)EBC232240 
035 |a (Au-PeEL)EBL232240 
035 |a (CaPaEBR)ebr10052667 
035 |a (CaONFJC)MIL47967 
035 |a (OCoLC)133162739 
040 |a MiAaPQ  |c MiAaPQ  |d MiAaPQ 
050 4 |a HF5415.2  |b .B87 2002 
245 0 0 |a Business intelligence and e-marketing workshop, IBM Warwick 2001  |h [electronic resource] /  |c guest editors Merlin Stone and Julie Abbott. 
260 |a Bradford, England :  |b Emerald Group Publishing,  |c c2002. 
300 |a 85 p. 
490 0 |a Qualitative marketing research: an international journal ;  |v v.5, no. 4 
533 |a Electronic reproduction. Ann Arbor, MI : ProQuest, 2015. Available via World Wide Web. Access may be limited to ProQuest affiliated libraries. 
650 0 |a Electronic commerce  |x Marketing. 
650 0 |a Marketing research. 
655 4 |a Electronic books. 
700 1 |a Abbott, Julie. 
700 1 |a Stone, Merlin. 
710 2 |a ProQuest (Firm) 
856 4 0 |u https://ebookcentral.proquest.com/lib/matrademy/detail.action?docID=232240  |z Click to View